000 00335 a2200145 4500
001 169881
020 _a
040 _cMagnum
100 _aPolastri, Maria Helena Tavares
240 1 0 _aA construcao de belo horizonte
_lpor
245 1 0 _aA construcao de belo horizonte
362 0 _a1899
697 _aESTUDOS SOCIAIS
942 _cBK
999 _c169881
_d169881